000 00534nam a2200181Ia 4500
008 090124s9999 xx 000 0 und d
082 _b25219
_a687
100 _aखोत शकंुतला
245 _a पश्र्चिम दर्शन
250 _a1
260 _c1986
300 _a96
600 _aखोत शकंुतला
630 _a पश्र्चिम दर्शन
700 _aखोत शकंुतला
730 _a पश्र्चिम दर्शन
942 _cBOOK
999 _c138743
_d138743